Klasyfikacja generalna Pucharu Świata 2001/02 w skokach narciarskich - Statystyki

Ogólne statystyki
  • Ten quiz został rozwiązany 38 razy
  • Średni wynik to 39 z 90
Statystyki odpowiedzi
Pozycja Narodowość Skoczek % Poprawnych
1 Polska Adam Małysz
100%
15 Finlandia Janne Ahonen
93%
2 Niemcy Sven Hannawald
90%
5 Niemcy Martin Schmitt
83%
3 Finlandia Matti Hautamäki
80%
7 Szwajcaria Simon Ammann
80%
4 Austria Andreas Widhölzl
77%
26 Finlandia Jussi Hautamäki
77%
11 Japonia Kazuyoshi Funaki
77%
23 Japonia Noriaki Kasai
77%
10 Finlandia Risto Jussilainen
73%
16 Słowenia Robert Kranjec
73%
17 Włochy Roberto Cecon
73%
6 Austria Martin Höllwarth
70%
59 Japonia Takanobu Okabe
70%
29 Austria Wolfgang Loitzl
70%
25 Słowenia Primož Peterka
67%
49 Polska Robert Mateja
67%
13 Austria Andreas Goldberger
63%
30 Szwajcaria Andreas Küttel
63%
73 Polska Tomisław Tajner
63%
19 Finlandia Veli-Matti Lindström
63%
32 Czechy Jakub Janda
60%
8 Austria Martin Koch
60%
12 Austria Stefan Horngacher
60%
9 Niemcy Stephan Hocke
60%
20 USA Alan Alborn
57%
18 Japonia Hideharu Miyahira
57%
Korea Płd. Hueng-chul Choi
57%
55 Polska Marcin Bachleda
57%
14 Słowenia Peter Žonta
57%
77 Polska Łukasz Kruczek
53%
38 Japonia Masahiko Harada
53%
28 Niemcy Michael Uhrmann
53%
42 Francja Nicolas Dessum
53%
Polska Tomasz Pochwała
53%
83 Polska Wojciech Skupień
53%
Francja Emmanuel Chedal
50%
58 Austria Manuel Fettner
50%
52 Niemcy Michael Neumayer
50%
35 Norwegia Roar Ljøkelsøy
50%
27 Słowenia Damjan Fras
47%
37 Finlandia Tami Kiuru
47%
53 Japonia Akira Higashi
43%
48 Finlandia Arttu Lappi
43%
47 USA Clint Jones
43%
46 Finlandia Janne Happonen
43%
63 Finlandia Ville Kantee
43%
33 Niemcy Alexander Herr
40%
36 Norwegia Anders Bardal
37%
43 Norwegia Tommy Ingebrigtsen
37%
22 Niemcy Christof Duffner
33%
34 Niemcy Georg Späth
33%
Japonia Hiroya Saitō
33%
40 Słowenia Igor Medved
33%
Słowenia Rok Benković
33%
Norwegia Sigurd Pettersen
33%
31 Finlandia Toni Nieminen
33%
51 Japonia Kazuya Yoshioka
30%
65 Norwegia Lars Bystøl
30%
57 Czechy Michal Doležal
30%
74 Szwajcaria Sylvain Freiholz
30%
21 Rosja Valery Kobelev
30%
71 Niemcy Frank Löffler
27%
Niemcy Jörg Ritzerfeld
27%
Japonia Yūta Watase
27%
24 Japonia Hiroki Yamada
23%
39 Rosja Ildar Fatchullin
23%
67 Norwegia Morten Solem
23%
Holandia Christoph Kreuzer
20%
Norwegia Daniel Forfang
20%
68 Holandia Ingemar Mayr
20%
Finlandia Kalle Keituri
20%
44 Finlandia Kimmo Yliriesto
20%
56 Austria Stefan Kaiser
20%
88 Niemcy Hansjörg Jäkle
17%
Czechy Jakub Jiroutek
17%
Finlandia Pekka Salminen
17%
Niemcy Kai Bracht
13%
Szwecja Kristoffer Jåfs
13%
Norwegia Olav Magne Dønem
13%
Kazachstan Stanislav Filimonov
13%
50 Niemcy Dirk Else
10%
Słowenia Grega Lang
10%
62 Finlandia Lassi Huuskonen
10%
86 Francja Rémi Santiago
10%
85 Japonia Sōta Okamura
10%
45 Finlandia Janne Ylijärvi
7%
Słowenia Blaž Vrhovnik
3%
Norwegia Ole Christen Enger
3%
Nie znaleziono quizów pasujących do podanych kryteriów
Rozkład punktacji
Procent ludzi z każdym wynikiem
Percentyl według liczby udzielonych odpowiedzi
Twoja historia wyników
Nie rozwiązałeś tego quizu